Selangor Darul Ehsan

Bibliographic Details
Main Author: Mustafa Ali Mohamed
Format: Book
Published: Petaling Jaya : Pelanduk Publcations(M) Sdn Bhd , 1987
Subjects:

MARC

LEADER 00000cam a2200000 7i4500
001 0000007056
002 000007594
005 20030512.0
020 |a 9679781259 
090 0 0 |a 959.51   |b SEJ 
100 0 |a Mustafa Ali Mohamed 
245 1 0 |a Selangor Darul Ehsan   |c Mustafa Ali Mohamed 
260 |a Petaling Jaya :   |b Pelanduk Publcations(M) Sdn Bhd ,   |c 1987 
300 |a P.V. :   |b ill. ;   |c 21cm. 
651 0 |a Selangor   |x History 
999 |a 0011141   |b BUKU   |c PINJAMAN   |e PERPUSTAKAAN KOMUNITI PETALING JAYA 
999 |a 005397   |b BUKU   |c MALAYSIANA   |e PERPUSTAKAAN KOMUNITI PETALING JAYA